000 01056nas a2200361 4500
001 BR0101920
003 BR-BrBNA
005 20231205102220.0
007 ta
008 230509b bl.|||p| |||| 00| 00por d
040 _aBR-BrBNA
_bpor
_cBiblioteca Nacional de Agricultura
041 _a(Pt)
072 _aL73; L70
100 1 _aMadruga, C.R.
100 1 _aAraujo, F.R.
100 1 _aMarques, A.P.C.
100 1 _aCarvalho, C.M.E.
100 1 _aCusinato, F.Q.
100 1 _aCrocci, A.J.
100 1 _aKessler, R.H.
100 1 _aMiguita, M.
245 1 _aDesenvolvimento de uma prova de imunoadsorcao enzimatica para deteccao de anticorpos contra Babesia bovis
650 _aBovino
650 _aProtozoario
650 _aELISA
650 _aImunofluorescencia
650 _aSoro
650 _aPantanal
650 _aMato Grosso do Sul
773 0 _tPesquisa Veterinaria Brasileira (Brazil)
_xISSN 0100-736X
_g(Oct-Dec 2000), v. 20(4) p. 167-170
_wBR0101920
909 _a202311
_bLúcia
_c55
_dLúcia Elande
942 _2AGRIS
_n0
_cANA
999 _c166352
_d166352